How does trade openness influence budget deficits in developing countries? (Record no. 72310)

000 -LEADER
fixed length control field 00464pab a2200169 454500
008 - FIXED-LENGTH DATA ELEMENTS--GENERAL INFORMATION
fixed length control field 180718b2006 xxu||||| |||| 00| 0 eng d
100 ## - MAIN ENTRY--PERSONAL NAME
Personal name Combes, Jean-Louis
245 ## - TITLE STATEMENT
Title How does trade openness influence budget deficits in developing countries?
260 ## - PUBLICATION, DISTRIBUTION, ETC.
Date of publication, distribution, etc. 2006
300 ## - PHYSICAL DESCRIPTION
Extent p.1401-416.
362 ## - DATES OF PUBLICATION AND/OR SEQUENTIAL DESIGNATION
Dates of publication and/or sequential designation Nov
650 ## - SUBJECT ADDED ENTRY--TOPICAL TERM
Topical term or geographic name entry element Deficit financing
650 ## - SUBJECT ADDED ENTRY--TOPICAL TERM
Topical term or geographic name entry element Budget
700 ## - ADDED ENTRY--PERSONAL NAME
Personal name Sedik, Tahsin Saadi
773 ## - HOST ITEM ENTRY
Main entry heading Journal of Development Studies
909 ## -
-- 72310
Holdings
Withdrawn status Lost status Damaged status Not for loan Permanent Location Current Location Date acquired Serial Enumeration / chronology Barcode Date last seen Price effective from Koha item type
        Indian Institute of Public Administration Indian Institute of Public Administration 2018-07-19 Volume no: 42, Issue no: 8 AR72770 2018-07-19 2018-07-19 Articles

Powered by Koha